Представление документа в формате RUSMARC

ПолеНазваниеЗначение
  Тип записи a
  Библиографический уровень a
001 Контрольный номер RU/CBS_UL/BASE/94588052741c43d69e5dc37c88af5756
005 Дата корректировки 20260205170355.3
100 Данные общей обработки __
a Данные общей обработки 20260123 ||| 0rusy0189 ca
101 Язык документа 0_
a Язык текста rus
102 Страна публикации __
a Страна публикации RU
200 Заглавие и сведения об ответственности 1_
a Заглавие Памяти Нонны Алиевой
e Сведения, относящиеся к заглавию [не стало поэтессы димитровградской писательской организации "Слово" Нонны Алиевой]
f Первые сведения об ответственности Р. Кашкирова
300 Общие примечания __
a Общие примечания 12+
461 Уровень набора _0
1 2000
a Симбирскъ
463 Уровень физической единицы _0
1 2000
a № 5
v С. 43-44
1 2101
d 2025
1 001RU/CBS_UL/BASE/f2dd57faf1c14ef080bc7a072898fff1
600 Персоналии _1
a Персоналии (Фамилия) Алиева
b Персоналии (Имя, инициалы) Н.
606 Тематические рубрики 0_
a Основная рубрика Российское литературоведение, 21 в. - Ульяновские писатели и поэты
610 Ключевые слова 0_
a Ключевые слова российское литературоведение
610 Ключевые слова 0_
a Ключевые слова литературоведение
610 Ключевые слова 0_
a Ключевые слова поэты
610 Ключевые слова 0_
a Ключевые слова поэтессы
610 Ключевые слова 0_
a Ключевые слова памяти поэтов
686 Индексы других классификаций __
a Классификационный индекс 83.3(2Рос=Рус)6
700 Автор _1
a Фамилия Кашкирова
b Имя (инициалы) Р.
801 Источник записи _0
a Страна RU
b Организация МБУК ЦБС г. Ульяновска
c Дата составления 20260123
g Правила каталогизации RCR
801 Источник записи _1
a Страна RU
b Организация МБУК ЦБС г. Ульяновска
c Дата составления 20260123
g Правила каталогизации RCR
900 Электронные ресурсы __
a Имя электронного ресурса Кашкирова Памяти Нонны Алиевой
901 Тип документа __
t Тип документа b
w Контрольный № источника RU/CBS_UL/BASE/f2dd57faf1c14ef080bc7a072898fff1
909 Создатель записи __
a Создатель записи mbo